Secrets of Silicon Valley : what everyone else can learn from the innovation capital of the world / (Record no. 616899)

000 -LEADER
fixed length control field 00471nam a22001457a 4500
020 ## - INTERNATIONAL STANDARD BOOK NUMBER
Qualifying information HB.
040 ## - CATALOGING SOURCE
Transcribing agency FIZZA ISHAQ
082 ## - DEWEY DECIMAL CLASSIFICATION NUMBER
Classification number 303.4833
Author Mark PIS
100 ## - MAIN ENTRY--PERSONAL NAME
Personal name Piscione, Deborah Perry.
9 (RLIN) 133983
245 ## - TITLE STATEMENT
Title Secrets of Silicon Valley : what everyone else can learn from the innovation capital of the world /
Statement of responsibility, etc. Deborah Perry , Piscione.
250 ## - EDITION STATEMENT
Edition statement Frist ED.
260 ## - PUBLICATION, DISTRIBUTION, ETC.
Place of publication, distribution, etc. New York :
Name of publisher, distributor, etc. Palgrave Macmillan,
Date of publication, distribution, etc. 2013.
300 ## - PHYSICAL DESCRIPTION
Extent 249 p. ;
Dimensions 25 cm
942 ## - ADDED ENTRY ELEMENTS (KOHA)
Source of classification or shelving scheme
Koha item type Book
Holdings
Withdrawn status Lost status Source of classification or shelving scheme Damaged status Not for loan Permanent Location Current Location Shelving location Date acquired Total Checkouts Full call number Barcode Date last seen Price effective from Koha item type
          NUST Baluchistan Campus (NBC) NUST Baluchistan Campus (NBC) General Stacks 04/08/2026   303.4833 PIS QD-413 04/08/2026 04/08/2026 Book
© 2023 Central Library, National University of Sciences and Technology. All Rights Reserved.